Unknown Memory Tracklist (Yung Lean) - Statistics

General Stats
  • This quiz has been taken 3 times
  • The average score is 10 of 13
Answer Stats
Hint Answer % Correct
2 Blinded
100%
8 Ghosttown
100%
11 Lean World
100%
10 Volt
100%
4 Yoshi City
100%
7 Don't Go
67%
13 Helt Ensam (Outro)
67%
5 Ice Cold Smoke
67%
9 Monster
67%
12 Sandman
67%
3 Sunrise Angel
67%
1 Blommor (Intro)
33%
6 Dog Walk (Intermission)
33%
No matching quizzes found
Score Distribution
Percent of People with Each Score
Percentile by Number Answered
Your Score History
You have not taken this quiz